| 000 | 00444nam a2200169Ia 4500 | ||
|---|---|---|---|
| 001 | 38853 | ||
| 008 | 140423s9999 xx 000 0 und d | ||
| 020 | _a1405077654 | ||
| 040 | _cPK-LaUMT | ||
| 082 |
_a 613.1027081 _bSPO- |
||
| 100 | _aKita, Joe | ||
| 245 |
_aSports injuries handbook _bsecrets from men's health magazine _cKita, Joe |
||
| 260 |
_aLondon,UK: _bReaders International, _c2005 |
||
| 300 | _a96 p. | ||
| 546 | _aEN | ||
| 942 | _cBK | ||
| 999 |
_c38174 _d38174 |
||